Životná miazga pre makulu doplnky stravy napomáhajú zlepšovať ochorenia vekom podmienenou makulárnou degeneráciou (VPMD)

Bibliographic Details
Main Author: Zachariasová, Sylvia (Author)
Format: Article
Language:Slovak
ISSN:1335-0234
Subjects:

MARC

LEADER 00000nab a2200000 a 4500
001 vtls008876245
003 SK-MaSNL
005 20260304140436.0
008 250505c2006 xo 0 slo
015 |a SNBCL2005/5 
035 |a SLK037922 
035 |a urn:nbn:sk:snk-abykr 
035 |a (urnnbn)urn:nbn:sk:snk:ar-a0573t 
035 |a (uuid)82a1422d-3b91-4b5c-a55b-0a5c577ef61f 
040 |a SNKBUCL  |b slo  |c SNKBUCL  |e AACR2 
041 0 |a slo 
044 |a xo  |c SK 
080 |a 615.2:617.736-085:613.2  |2 1981 
100 1 |a Zachariasová, Sylvia  |4 aut  |9 1149268 
245 1 0 |a Životná miazga pre makulu  |b doplnky stravy napomáhajú zlepšovať ochorenia vekom podmienenou makulárnou degeneráciou (VPMD)  |c Sylvia Zachariasová 
650 0 7 |a degenerácia makulárna  |2 MESH  |9 1456778 
650 0 7 |a voľné radikály  |2 SNKPH  |9 83444 
650 0 7 |a strava a stravovanie  |2 SNK  |9 508599 
650 0 7 |a antioxidanty  |2 SNKPH  |9 13472 
650 0 7 |a luteín  |2 SNKPH  |9 84957 
650 0 7 |a karotenoidy  |2 SNKPH  |9 16486 
650 0 7 |a xantín  |2 MESH  |9 53420 
773 0 |t Slovenský lekár  |g Roč. 16 (30), č. 3-4 (2006), s. 86  |x 1335-0234 
850 |a Slovenská národná knižnica 
852 |a Slovenská národná knižnica 
954 |a odborná, vedecká literatúra pôvodná (slovenská)  |2 lita 
958 |a article27 
958 |a OND 
958 |a EUIPO 
999 |c 2915405  |d 2917335